Statistics for Indonesian Rupiah (IDR) Denominations

Click here to take the quiz!

General Stats

  • This quiz has been taken 267 times
    (187 since last reset)
  • The average score is 11 of 11

Answer Stats

TypeDenomination% Correct
Coin100
100%
Coin1000
100%
Coin200
100%
Coin500
100%
Banknote10000
99%
Banknote100000
99%
Banknote2000
99%
Banknote20000
99%
Banknote5000
99%
Banknote50000
99%
Banknote75000
94%

Score Distribution

Percentile by Number Answered

Percent of People with Each Score

Your Score History

You have not taken this quiz since the last reset